| 000 | 01594nam a2200457Ii 4500 | ||
|---|---|---|---|
| 001 | DIGLKG0379 | ||
| 003 | NyNyDIG | ||
| 006 | m o d | ||
| 007 | cr ||||||||||| | ||
| 008 | 220729s2016 sp o 000 fdspa d | ||
| 035 | _a(OCoLC)1350508409 | ||
| 040 |
_aDGITA _beng _erda _epn _cDGITA |
||
| 020 |
_a9788490072288 _qebook |
||
| 020 |
_z9788490073124 _qrústica |
||
| 043 | _ae-sp--- | ||
| 050 | 1 | 4 | _aPQ6555 ebook |
| 082 | 0 | 4 | _a863.5 |
| 100 | 1 |
_aPérez Galdós, Benito, _d1843-1920, _eauthor. |
|
| 245 | 1 | 0 |
_aEpisodios nacionales. _nIV, _pNarváez / _cBenito Pérez Galdós. |
| 246 | 3 | 0 | _aNarváez |
| 264 | 1 |
_aBarcelona : _bRed ediciones S.L., _c2016. |
|
| 300 | _a1 online resource. | ||
| 336 |
_atext _btxt _2rdacontent |
||
| 337 |
_acomputer _bc _2rdamedia |
||
| 338 |
_aonline resource _bcr _2rdacarrier |
||
| 347 |
_atext file _2rdaft |
||
| 347 | _bPDF | ||
| 490 | 1 |
_aLinkgua narrativa ; _v205 |
|
| 500 | _a"www.linkgua-digital.com"--Cover. | ||
| 588 | 0 | _aOnline resource; title from PDF title page (Digitalia, viewed July 29, 2022) | |
| 651 | 0 |
_aSpain _xHistory _vFiction. |
|
| 655 | 7 |
_aFiction. _2lcgft |
|
| 655 | 0 | _aElectronic books. | |
| 791 | 2 |
_aDigitalia (Firm), _edistributor. |
|
| 793 | 0 |
_gDigitalia eBook Collection: _aLinkgua |
|
| 776 | 0 | 8 |
_iPrint version: _aPérez Galdós, Benito, 1843-1920. _tEpisodios nacionales. _dBarcelona : Red ediciones S.L., 2016 _z9788490073124 |
| 830 | 0 |
_aNarrativa Linkgua ; _v205. |
|
| 856 | 4 | 0 |
_3Digitalia Hispánica _uhttps://www.digitaliapublishing.com/a/24089/ |
| 910 | _aPremium collection: 2022 | ||
| 942 | _cRAA | ||
| 999 |
_c238119 _d238119 |
||